LIBRARY & INFORMATION CENTRE, KCAET, TAVANUR

ONLINE PUBLIC ACCESS CATALOGUE (OPAC)

Chandranathan (Record no. 4490)

MARC details
000 -LEADER
fixed length control field 00390cam a2200169ua 4500
041 ## - LANGUAGE CODE
Language code of text/sound track or separate title mal
082 ## - DEWEY DECIMAL CLASSIFICATION NUMBER
Classification number 894.812308
Item number NAR/CH
100 ## - MAIN ENTRY--AUTHOR NAME
Personal name Narayana Paniker, R .
245 ## - TITLE STATEMENT
Title Chandranathan
260 ## - PUBLICATION, DISTRIBUTION, ETC. (IMPRINT)
Place of publication Kollam :
Name of publisher Sri Ramavilasam Book Dept ,
Year of publication 1956.
300 ## - PHYSICAL DESCRIPTION
Number of Pages 156 ; .
942 ## - ADDED ENTRY ELEMENTS (KOHA)
Koha item type Books
Holdings
Withdrawn status Lost status Damaged status Home library Current library Date acquired Full call number Accession Number Koha item type
Withdrawn     KAUAET Malayalam University 07/04/2012 894.812308 1011 Books
free website counter